000 00393nam a2200145Ia 4500
008 150201s1998 xx 000 0 und d
082 _a660
_bI1998B
100 _aF.S.K.BARAR
245 _aBAKER & SILVERTONS INTRODUCTION TO MEDICAL LABORATORY TECHNOLOGY
250 _a7TH
260 _bCHURCHILL LIVINGSTONE
_aEDINBURGH
_c1998
300 _a1-448
650 _aBIOCHEMISTRY
942 _2ddc
_cBK
999 _c2778
_d2778